<?xml version="1.0" encoding="UTF-8"?>
<marc:record xmlns:marc="http://www.loc.gov/MARC21/slim">
   <marc:leader>00000nam a2200000 a 4500</marc:leader>
   <marc:datafield ind1="1" ind2=" " tag="100">
      <marc:subfield code="a">Koch Luisa</marc:subfield>
      <marc:subfield code="4">aut</marc:subfield>
      <marc:subfield code="e">Verfasser/-in</marc:subfield>
   </marc:datafield>
   <marc:datafield ind1=" " ind2=" " tag="653">
      <marc:subfield code="a">K-Pop</marc:subfield>
   </marc:datafield>
   <marc:datafield ind1="0" ind2="0" tag="245">
      <marc:subfield code="a">Stray Kids hautnah</marc:subfield>
   </marc:datafield>
   <marc:datafield ind1="0" ind2="0" tag="245">
      <marc:subfield code="b">die illustrierte Biografie</marc:subfield>
   </marc:datafield>
   <marc:datafield ind1="0" ind2="0" tag="245">
      <marc:subfield code="c">Koch Luisa</marc:subfield>
   </marc:datafield>
   <marc:datafield ind1=" " ind2="1" tag="264">
      <marc:subfield code="a">München</marc:subfield>
      <marc:subfield code="b">FlipFlopVerlag</marc:subfield>
      <marc:subfield code="c">2024</marc:subfield>
   </marc:datafield>
   <marc:datafield ind1="1" ind2=" " tag="520">
      <marc:subfield code="a">Was macht Stray Kids zu einer der spannendsten Bands ihrer Generation? Diese illustrierte Biografie zeigt, warum die K-Pop-Sensation die Herzen von Millionen erobert hat. Mit einzigartigen Fotos und prägnanten Texten wird die beeindruckende Karriere der acht Mitglieder auf eindrucksvolle Weise dokumentiert - ein Muss für alle, die die Band lieben und verstehen möchten. &#xD;
Die Band, die durch die gleichnamige Casting-Show ins Leben gerufen wurde, beeindruckt nicht nur mit ihrer Musik, sondern auch mit dem kreativen Input der Mitglieder, die aktiv an der Produktion ihrer Songs beteiligt sind.</marc:subfield>
   </marc:datafield>
   <marc:datafield ind1=" " ind2=" " tag="020">
      <marc:subfield code="a">9783759157898</marc:subfield>
      <marc:subfield code="9">9783759157898</marc:subfield>
   </marc:datafield>
   <marc:datafield ind1=" " ind2=" " tag="338">
      <marc:subfield code="a">Band</marc:subfield>
   </marc:datafield>
</marc:record>
